Central Library OPAC University of Rajshahi

Electrochemistry : (Record no. 72081)

MARC details
000 -LEADER
fixed length control field 00829nam a2200253 a 4500
001 - CONTROL NUMBER
control field 72081
003 - CONTROL NUMBER IDENTIFIER
rucl marc code BD-RjUL
005 - DATE AND TIME OF LATEST TRANSACTION
control field 20211209082217.0
008 - FIXED-LENGTH DATA ELEMENTS--GENERAL INFORMATION
fixed length control field 170513s1980 wb a b 000 0 eng
020 ## - INTERNATIONAL STANDARD BOOK NUMBER
International Standard Book Number 0387100083 (U.S.)
035 ## - SYSTEM CONTROL NUMBER
System control number (BD-RjUL)72297
040 ## - CATALOGING SOURCE
Original cataloging agency LC
Language of cataloging eng
Transcribing agency LC
Modifying agency SFU
-- BD-RjUL
041 ## - LANGUAGE CODE
Language code of text/sound track or separate title eng
082 04 - DEWEY DECIMAL CLASSIFICATION NUMBER
Edition number 23
Classification number 541.37
Author mark and year HEE 1980
100 1# - MAIN ENTRY--PERSONAL NAME
Personal name Hertz, Hermann Gerhard.
9 (RLIN) 213178
245 10 - TITLE STATEMENT
Title Electrochemistry :
Remainder of title a reformulation of the basic principles /
Statement of responsibility, etc. Hermann Gerhard Hertz.
260 ## - PUBLICATION, DISTRIBUTION, ETC. (IMPRINT)
Place of publication, distribution, etc. Berlin ;
-- New York :
Name of publisher, distributor, etc. Springer-Verlag,
Date of publication, distribution, etc. c1980.
300 ## - PHYSICAL DESCRIPTION
Pagination x, 254 p. :
Illustrations ill. ;
Size 25 cm.
504 ## - BIBLIOGRAPHY, ETC. NOTE
Bibliography, etc Includes bibliographical references.
650 #0 - SUBJECT ADDED ENTRY--TOPICAL TERM
Topical term or geographic name as entry element Electrochemistry.
9 (RLIN) 213180
830 ## - SERIES ADDED ENTRY--UNIFORM TITLE
Uniform title Lecture notes in chemistry ;
Volume number/sequential designation 17
942 ## - ADDED ENTRY ELEMENTS (KOHA)
Source of classification or shelving scheme Dewey Decimal Classification
Koha item type Books
Holdings
Lost status Source of classification or shelving scheme Damaged status Not for loan Collection code Permanent Location Current Location Shelving location Date acquired Source of acquisition Cost, normal purchase price Total Checkouts Full call number Date last seen Copy number Koha item type
  Dewey Decimal Classification   Not For Loan Non-fiction Central Library, University of Rajshahi Central Library, University of Rajshahi Reading Room 16/05/1985 Tulip 19.60   541.37 HEE 1980 13/05/2017 C-1 Books